<?xml version="1.0" encoding="UTF-8"?><?xml-stylesheet type="text/xsl" href="static/style.xsl"?><OAI-PMH xmlns="http://www.openarchives.org/OAI/2.0/" xmlns:xsi="http://www.w3.org/2001/XMLSchema-instance" xsi:schemaLocation="http://www.openarchives.org/OAI/2.0/ http://www.openarchives.org/OAI/2.0/OAI-PMH.xsd"><responseDate>2026-06-29T20:14:22Z</responseDate><request verb="GetRecord" identifier="oai:riubu.ubu.es:10259/8563" metadataPrefix="marc">https://riubu.ubu.es/oai/request</request><GetRecord><record><header><identifier>oai:riubu.ubu.es:10259/8563</identifier><datestamp>2025-01-22T10:17:06Z</datestamp><setSpec>com_10259_9895</setSpec><setSpec>com_10259_3989</setSpec><setSpec>com_10259.4_106</setSpec><setSpec>com_10259_2604</setSpec><setSpec>col_10259_9896</setSpec></header><metadata><record xmlns="http://www.loc.gov/MARC21/slim" xmlns:doc="http://www.lyncode.com/xoai" xmlns:xsi="http://www.w3.org/2001/XMLSchema-instance" xmlns:dcterms="http://purl.org/dc/terms/" xsi:schemaLocation="http://www.loc.gov/MARC21/slim http://www.loc.gov/standards/marcxml/schema/MARC21slim.xsd">
<leader>00925njm 22002777a 4500</leader>
<datafield tag="042" ind1=" " ind2=" ">
<subfield code="a">dc</subfield>
</datafield>
<datafield tag="720" ind1=" " ind2=" ">
<subfield code="a">Pérez Fernández, Cristian</subfield>
<subfield code="e">author</subfield>
</datafield>
<datafield tag="720" ind1=" " ind2=" ">
<subfield code="a">Morales Navas, Miguel</subfield>
<subfield code="e">author</subfield>
</datafield>
<datafield tag="720" ind1=" " ind2=" ">
<subfield code="a">Guardia Escote, Laia</subfield>
<subfield code="e">author</subfield>
</datafield>
<datafield tag="720" ind1=" " ind2=" ">
<subfield code="a">Colomina, María Teresa</subfield>
<subfield code="e">author</subfield>
</datafield>
<datafield tag="720" ind1=" " ind2=" ">
<subfield code="a">Giménez, Estela</subfield>
<subfield code="e">author</subfield>
</datafield>
<datafield tag="720" ind1=" " ind2=" ">
<subfield code="a">Sánchez Santed, Fernando</subfield>
<subfield code="e">author</subfield>
</datafield>
<datafield tag="260" ind1=" " ind2=" ">
<subfield code="c">2021</subfield>
</datafield>
<datafield tag="520" ind1=" " ind2=" ">
<subfield code="a">The molecular and behavioral effects of the developmental exposure to low doses of Chlorpyrifos (CPF) have been intensively studied in young (neonates and adolescents), and adult animals. However, no study examined influences of developmental CPF exposure in older adult or geriatric rats. This is relevant as such ages are generally linked to cognitive decline and the onset of specific neurodegenerative disorders, some of them previously associated with CPF exposure in both preclinical and human studies. 1 mg/kg/mL of CPF was orally administered to both male and female Wistar rats from Postnatal day 10 to 15. Animals’ spatial memory, learning, compulsivity, motricity, and anxiety were analyzed with Morris Water Maze (15–16 months of age) and the Plus-maze (at 18 months of age). Results showed that postnatal CPF exposure did not alter either spatial memory, compulsive-like behaviors, or anxiety levels in late-adult rats. However, CPF exposed rats were hyposensitive to brief disruptions (Probe stage) following the learning phase and showed a general decrease in locomotor activity in both paradigms. These data are relevant as it is the first time that developmental exposure to CPF has been studied at such a late age, observing important effects in locomotor activity that could be linked to specific pathologies previously associated with CPF effects in people. Future studies should extend these findings to other behaviors and molecular outcomes.</subfield>
</datafield>
<datafield tag="024" ind2=" " ind1="8">
<subfield code="a">0161-813X</subfield>
</datafield>
<datafield tag="024" ind2=" " ind1="8">
<subfield code="a">http://hdl.handle.net/10259/8563</subfield>
</datafield>
<datafield tag="024" ind2=" " ind1="8">
<subfield code="a">10.1016/j.neuro.2021.07.002</subfield>
</datafield>
<datafield tag="024" ind2=" " ind1="8">
<subfield code="a">1872-9711</subfield>
</datafield>
<datafield ind1=" " ind2=" " tag="653">
<subfield code="a">Organophosphates</subfield>
</datafield>
<datafield ind1=" " ind2=" " tag="653">
<subfield code="a">Chlorpyrifos</subfield>
</datafield>
<datafield ind1=" " ind2=" " tag="653">
<subfield code="a">Spatial memory</subfield>
</datafield>
<datafield ind1=" " ind2=" " tag="653">
<subfield code="a">Compulsivity</subfield>
</datafield>
<datafield ind1=" " ind2=" " tag="653">
<subfield code="a">Anxiety</subfield>
</datafield>
<datafield ind1=" " ind2=" " tag="653">
<subfield code="a">Old age</subfield>
</datafield>
<datafield tag="245" ind1="0" ind2="0">
<subfield code="a">Pesticides and aging: Preweaning exposure to Chlorpyrifos induces a general hypomotricity state in late-adult rats</subfield>
</datafield>
</record></metadata></record></GetRecord></OAI-PMH>